Dzielnice Warszawy - Statystyki

Ogólne statystyki
  • Ten quiz został rozwiązany 32 razy
  • Średni wynik to 13 z 18
Statystyki odpowiedzi
Miasto Dzielica % Poprawnych
Warszawa Praga-Północ
97%
Warszawa Praga-Południe
97%
Warszawa Śródmieście
87%
Warszawa Wola
83%
Warszawa Bemowo
77%
Warszawa Ursus
77%
Warszawa Włochy
77%
Warszawa Mokotów
73%
Warszawa Wilanów
73%
Warszawa Bielany
67%
Warszawa Targówek
67%
Warszawa Ursynów
67%
Warszawa Żoliborz
67%
Warszawa Białołęka
63%
Warszawa Ochota
63%
Warszawa Rembertów
60%
Warszawa Wawer
60%
Warszawa Wesoła
47%
Nie znaleziono quizów pasujących do podanych kryteriów
Rozkład punktacji
Procent ludzi z każdym wynikiem
Percentyl według liczby udzielonych odpowiedzi
Twoja historia wyników
Nie rozwiązałeś tego quizu